Statistics for Countries of the World Quiz

Click here to take the quiz!

General Stats

  • This quiz has been taken 19 times
  • The average score is 98 of 196

Answers on the Map

Answers color-coded by a green-red scale on the quiz's map according to % correct below.
Loading ...
 

Answer Stats

Country% Correct
United States
89%
Mexico
72%
United Kingdom
72%
a
67%
France
67%
Sweden
61%
Ireland
61%
Portugal
56%
Netherlands
56%
Germany
56%
Honduras
56%
Finland
56%
Denmark
56%
Uruguay
56%
New Zealand
56%
Iceland
56%
Norway
56%
Egypt
56%
Italy
56%
Panama
56%
Paraguay
56%
Spain
56%
Sudan
50%
Tunisia
50%
Syria
50%
Switzerland
50%
Madagascar
50%
Morocco
50%
Mali
50%
Russia
50%
South Sudan
50%
South Africa
50%
Peru
50%
Qatar
50%
Nicaragua
50%
Oman
50%
Pakistan
50%
Israel
50%
Saudi Arabia
50%
Guatemala
50%
Haiti
50%
Indonesia
50%
India
50%
Greece
50%
Ecuador
50%
El Salvador
50%
Ukraine
50%
Yemen
50%
Guyana
50%
Turkmenistan
44%
United Arab Emirates
44%
Somalia
44%
Gambia
44%
Philippines
44%
Uzbekistan
44%
Slovakia
44%
Nepal
44%
Democratic Republic
of the Congo
44%
Dominica
44%
Vatican City
44%
Niger
44%
Nigeria
44%
Venezuela
44%
Sierra Leone
44%
Mauritania
44%
Turkey
44%
Malta
44%
Hungary
44%
Japan
44%
Saint Lucia
44%
Senegal
44%
Kenya
44%
Togo
44%
Thailand
44%
Tanzania
44%
Laos
44%
Czech Republic
44%
Lesotho
44%
Papua New Guinea
44%
Libya
44%
Romania
44%
Luxembourg
44%
Suriname
44%
Republic of the Congo
44%
Malawi
44%
Malaysia
44%
Guinea
44%
Vietnam
44%
Seychelles
39%
Serbia
39%
Zambia
39%
South Korea
39%
Singapore
39%
Vanuatu
39%
Slovenia
39%
Solomon Islands
39%
Uganda
39%
Sri Lanka
39%
Tuvalu
39%
Eswatini
39%
São Tomé and Príncipe
39%
Tajikistan
39%
Tonga
39%
Trinidad and Tobago
39%
Taiwan
39%
Namibia
39%
San Marino
39%
Ghana
39%
Kosovo
39%
Kiribati
39%
Kazakhstan
39%
Jordan
39%
Jamaica
39%
Iraq
39%
Iran
39%
Guinea-Bissau
39%
Georgia
39%
Samoa
39%
Gabon
39%
Fiji
39%
Federated States of
Micronesia
39%
Ethiopia
39%
Estonia
39%
Eritrea
39%
Equatorial Guinea
39%
Dominican Republic
39%
Djibouti
39%
Kuwait
39%
Kyrgyzstan
39%
Latvia
39%
Montenegro
39%
Saint Vincent and the
Grenadines
39%
Saint Kitts and Nevis
39%
Rwanda
39%
Poland
39%
Palau
39%
North Korea
39%
Nauru
39%
Cyprus
39%
Mozambique
39%
Mongolia
39%
Lebanon
39%
Monaco
39%
Moldova
39%
Mauritius
39%
Marshall Islands
39%
Maldives
39%
North Macedonia
39%
Lithuania
39%
Liberia
39%
Zimbabwe
39%
Grenada
33%
East Timor
33%
Liechtenstein
33%

Score Distribution

Percentile by Number Answered

Percent of People with Each Score

Your Score History

You have not taken this quiz